| Tag |
First Indicator |
Second Indicator |
Subfields |
| LEADER |
00000cam a2200000 i 4500 |
| 001 |
in00005469849 |
| 003 |
OCoLC |
| 005 |
20250924205402.6 |
| 008 |
240211t20242024stk b 000 p eng d |
| 035 |
|
|
|a (OCoLC)1420624669
|
| 040 |
|
|
|a YDX
|e rda
|c YDX
|d BDX
|d ORX
|
| 020 |
|
|
|a 1399523600
|q hardcover
|
| 020 |
|
|
|a 9781399523608
|q hardcover
|
| 050 |
|
4 |
|a PS3563.U3954
|b A6 2024
|
| 082 |
0 |
|
|a 811/.54
|2 23/eng/20240814
|
| 100 |
1 |
|
|a Mullen, Harryette Romell,
|e author.
|
| 245 |
1 |
0 |
|a Her silver-tongued companion :
|b reading poems by Harryette Mullen /
|c Harryette Mullen ; edited by Georgina Colby.
|
| 264 |
|
1 |
|a Edinburgh :
|b Edinburgh University Press,
|c [2024].
|
| 264 |
|
4 |
|c ©2024.
|
| 300 |
|
|
|a viii, 496 pages ;
|c 23 cm.
|
| 336 |
|
|
|a text
|b txt
|2 rdacontent
|
| 337 |
|
|
|a unmediated
|b n
|2 rdamedia
|
| 338 |
|
|
|a volume
|b nc
|2 rdacarrier
|
| 504 |
|
|
|a Includes bibliographical references (pages 493-496).
|
| 505 |
0 |
|
|t Preface: Harryette Mullen's Deep Play: Oulipo for Everybody and Then Some /
|r Lee Ann Brown --
|t Introduction: Imagined Readers /
|r Georgina Colby --
|t Her Silver-Tongued Companion --
|g I. Collected Poems 1981-1982 --
|t Blues Baby: Early Poems (1981-1982) --
|g II. Poetry Collections 1991-2013 --
|t Sleeping with the Dictionary (2002) --
|t Recyclopedia (2006) -- Trimmings (1991) -- S*PeRM**K*T (1992) -- Muse & Drudge (1995) --
|t Broken Glish (2013) --
|t Urban Tumbleweed: Notes from a Tanka Diary (2013) --
|
| 505 |
0 |
|
|g III. Uncollected Poems 2001-2021 --
|t Liberation of Ms. Liberty --
|t It's Not About the Menu --
|t The Fire This Time --
|t Poetry for Dummies --
|t Summer Salt --
|t I Want to Thank You, Betye Saar -- Unacknowledged Legislator --
|t Bumper to Bumper --
|t Headlines --
|t #6 Sepulveda --
|t Waving the Flag --
|t Sugar Land --
|t Curious Strangers --
|t Remove Offensive Language --
|t "Blue herons persist" --
|t Barbaracrostics --
|t Y the Or --
|g IV. Critical Essays --
|t Every Difference Contains a Difference Within It: Harryette Mullen's Earlier and Later Poetry /
|r Alan Gilbert --
|t On Being Amused: Harryette Mullen's Muse & Drudge /
|r Emily Greenwood --
|
| 505 |
0 |
|
|t A Poetics of Interrogation: Collective Readership and Authorial Plenum in Muse & Drudge /
|r Solveig Daugaard --
|t Recycling Shakespeare: Mullen and the Lyric Tradition /
|r Ayesha Ramachandran --
|t "Native or Not" - On Harryette Mullen's Tanka Diary /
|r Daniel Kane --
|t Notes on the Poems --
|t Contributors --
|t Bibliography.
|
| 520 |
|
|
|a The first critical edition of Harryette Mullen's remarkable poetry, from her early works to the present day.
|
| 600 |
1 |
0 |
|a Mullen, Harryette Romell
|x Criticism and interpretation.
|
| 650 |
|
0 |
|a American poetry
|y 20th century.
|
| 650 |
|
0 |
|a American poetry
|x African American authors.
|
| 650 |
|
0 |
|a American poetry
|x Women authors.
|
| 700 |
1 |
|
|a Colby, Georgina,
|e editor.
|
| 945 |
|
|
|b 167164
|
| 947 |
|
|
|a A14851341546
|
| 948 |
|
|
|a dmitchel 9/24/25 3.50.30
|
| 980 |
|
|
|b print
|c 40032418478
|f LIT/B
|g 565714
|k USD
|m 132.00
|q 1
|s AcqMono Conventional
|t Approval plan
|u Vendor order reference number
|v ZYBP
|y Print approval
|z Physical resource
|
| 999 |
f |
f |
|i 6c073655-e4bb-4b6f-bbe2-7369e509b525
|s 2752ecfc-b6d9-46fd-8017-dbbd64abc6d7
|t 0
|
| 952 |
f |
f |
|p normal
|a Texas A&M University
|b College Station
|c Sterling C. Evans Library
|d Evans: Library Stacks
|t 0
|e PS3563.U3954 A6 2024
|h Library of Congress classification
|i unmediated -- volume
|m A14851341546
|
| 998 |
f |
f |
|a PS3563.U3954 A6 2024
|t 0
|l Evans: Library Stacks
|